000 00313nam a2200145Ia 4500
003 OSt
008 191201s1998 xx 000 0 und d
082 _a302.2
_bJAP
100 _aJAMES, Judi
245 0 _aPeople Talk
260 _aNew Delhi
_bExcel Books
_c1998
300 _a78
650 _aMBA
942 _2ddc
_cBK
999 _c2712
_d2712